<?xml version="1.0" encoding="UTF-8"?>
<record
    xmlns:xsi="http://www.w3.org/2001/XMLSchema-instance"
    xsi:schemaLocation="http://www.loc.gov/MARC21/slim http://www.loc.gov/standards/marcxml/schema/MARC21slim.xsd"
    xmlns="http://www.loc.gov/MARC21/slim">

  <leader>00560nam a2200181 i 4500</leader>
  <controlfield tag="001">C2-0303070</controlfield>
  <controlfield tag="003">PPAK</controlfield>
  <controlfield tag="005">20180729001027.0</controlfield>
  <controlfield tag="008">100311s2008    my |||| |||||  |    may d</controlfield>
  <datafield tag="040" ind1=" " ind2=" ">
    <subfield code="a">PPAK</subfield>
    <subfield code="b">eng</subfield>
    <subfield code="c">PPAK</subfield>
    <subfield code="e">rda</subfield>
  </datafield>
  <datafield tag="245" ind1="0" ind2="0">
    <subfield code="a">Mudahnya Solat : </subfield>
    <subfield code="b">dengan bimbingan Ustaz Wan Shohor Bani Leman</subfield>
  </datafield>
  <datafield tag="264" ind1=" " ind2="1">
    <subfield code="a">Selangor : </subfield>
    <subfield code="b">Ilham Network Enterprise , </subfield>
    <subfield code="c">2008</subfield>
  </datafield>
  <datafield tag="336" ind1=" " ind2=" ">
    <subfield code="2">rdacontent</subfield>
    <subfield code="a">text</subfield>
  </datafield>
  <datafield tag="337" ind1=" " ind2=" ">
    <subfield code="2">rdamedia</subfield>
    <subfield code="a">unmediated</subfield>
  </datafield>
  <datafield tag="338" ind1=" " ind2=" ">
    <subfield code="2">rdacarrier</subfield>
    <subfield code="a">volume</subfield>
  </datafield>
  <datafield tag="500" ind1=" " ind2=" ">
    <subfield code="a">Disertakan dengan buku maklumat (ISBN : 983-43177-0-0)</subfield>
  </datafield>
  <datafield tag="942" ind1=" " ind2=" ">
    <subfield code="2">ddc</subfield>
    <subfield code="c">VCD</subfield>
  </datafield>
  <datafield tag="999" ind1=" " ind2=" ">
    <subfield code="c">166033</subfield>
    <subfield code="d">166033</subfield>
  </datafield>
  <datafield tag="952" ind1=" " ind2=" ">
    <subfield code="0">0</subfield>
    <subfield code="1">0</subfield>
    <subfield code="2">ddc</subfield>
    <subfield code="4">0</subfield>
    <subfield code="7">0</subfield>
    <subfield code="a">MR</subfield>
    <subfield code="b">MR</subfield>
    <subfield code="c">G</subfield>
    <subfield code="d">2010-05-02</subfield>
    <subfield code="e">CC</subfield>
    <subfield code="g">25.87</subfield>
    <subfield code="o">297.382 MUD</subfield>
    <subfield code="p">A00803451</subfield>
    <subfield code="r">2018-07-05 00:00:00</subfield>
    <subfield code="v">25.90</subfield>
    <subfield code="w">2018-07-05</subfield>
    <subfield code="y">VCD</subfield>
  </datafield>
  <datafield tag="952" ind1=" " ind2=" ">
    <subfield code="0">0</subfield>
    <subfield code="1">0</subfield>
    <subfield code="2">ddc</subfield>
    <subfield code="4">0</subfield>
    <subfield code="7">0</subfield>
    <subfield code="a">SP</subfield>
    <subfield code="b">SP</subfield>
    <subfield code="c">G</subfield>
    <subfield code="d">2010-05-02</subfield>
    <subfield code="e">CC</subfield>
    <subfield code="g">25.87</subfield>
    <subfield code="o">297.382 MUD</subfield>
    <subfield code="p">A00803452</subfield>
    <subfield code="r">2018-07-05 00:00:00</subfield>
    <subfield code="v">25.90</subfield>
    <subfield code="w">2018-07-05</subfield>
    <subfield code="y">VCD</subfield>
  </datafield>
  <datafield tag="952" ind1=" " ind2=" ">
    <subfield code="0">0</subfield>
    <subfield code="1">0</subfield>
    <subfield code="2">ddc</subfield>
    <subfield code="4">0</subfield>
    <subfield code="7">0</subfield>
    <subfield code="a">KM</subfield>
    <subfield code="b">KM</subfield>
    <subfield code="c">G</subfield>
    <subfield code="d">2010-05-02</subfield>
    <subfield code="e">CC</subfield>
    <subfield code="g">25.87</subfield>
    <subfield code="o">297.382 MUD</subfield>
    <subfield code="p">A00803453</subfield>
    <subfield code="r">2018-07-05 00:00:00</subfield>
    <subfield code="v">25.90</subfield>
    <subfield code="w">2018-07-05</subfield>
    <subfield code="y">VCD</subfield>
  </datafield>
  <datafield tag="952" ind1=" " ind2=" ">
    <subfield code="0">0</subfield>
    <subfield code="1">0</subfield>
    <subfield code="2">ddc</subfield>
    <subfield code="4">0</subfield>
    <subfield code="7">0</subfield>
    <subfield code="a">MR</subfield>
    <subfield code="b">MR</subfield>
    <subfield code="c">G</subfield>
    <subfield code="d">2010-05-02</subfield>
    <subfield code="e">CC</subfield>
    <subfield code="g">25.87</subfield>
    <subfield code="o">297.382 MUD</subfield>
    <subfield code="p">A00803455</subfield>
    <subfield code="r">2018-07-05 00:00:00</subfield>
    <subfield code="v">25.90</subfield>
    <subfield code="w">2018-07-05</subfield>
    <subfield code="y">VCD</subfield>
  </datafield>
</record>
